vocabulaire animaux français/italien - Statistiques

Statistiques générales
  • Ce quiz a été pris 6 fois
  • Le résultat moyen est 36 sur 72
Statistiques - réponses
français italien % Correct
chien cane
100%
dragon drago
100%
éléphant elefante
100%
chat gatto
100%
gorille gorilla
100%
lion leone
100%
loup lupo
100%
vache mucca
100%
oie oca
100%
ours orso
100%
panda panda
100%
rat ratto
100%
tortue tartaruga
100%
tigre tigre
100%
zèbre zebra
100%
canard anatra
67%
abeille ape
67%
aigle aquila
67%
baleine balena
67%
chameau cammello
67%
chèvre capra
67%
sanglier cinghiale
67%
chouette civetta
67%
crocodile coccodrillo
67%
lapin coniglio
67%
guépard ghepardo
67%
girafe giraffa
67%
hibou gufo
67%
hippopotame ippopotamo
67%
lama lama
67%
cochon maiale
67%
marmotte marmotta
67%
perroquet pappagallo
67%
pingouin pinguino
67%
genouille rana
67%
requin squalo
67%
souris topo
67%
alpaga alpaca
33%
antilope antilope
33%
âne asino
33%
kangourou canguro
33%
cerf cervo
33%
cygne cigno
33%
furet furetto
33%
poule gallina
33%
crevette gamberetto
33%
gerbille gerbillo
33%
crabe granchio
33%
koala koala
33%
lièvre lepre
33%
paon pavone
33%
chauve souris pipistrello
33%
cochon d'inde porcellino d'india
33%
rhinocéros rinoceronte
33%
singe scimmia
33%
renard volpe
33%
bison bisonte
0%
cacatoès cacatua
0%
caméléon camaleonte
0%
hamster criceto
0%
daim daino
0%
dromadaire dromedario
0%
flamant rose fenicottero
0%
jaguar giaguaro
0%
loutre lontra
0%
perruche parrocchetto
0%
hérisson riccio
0%
hirondelle rondine
0%
écureuil scoiattolo
0%
faucon sparviero
0%
autruche struzzo
0%
dinde tacchino
0%
Aucun quiz correspondant
Distribution des résultats
% des personnes avec chaque résultat
Percentile par nombre de réponses
Votre historique - résultats
Vous n’avez pas pris ce quiz